000 00357nam a2200145 i 4500
001 bg
100 1 _aKURNIK, Zdzisław
245 0 _aTablice pomocnicze do projektowania betonu /
_cZdzisław Kurnik.
250 _aWyd.3 zmien.
260 _aKraków,
_c1977.
040 _cBPK
041 _apol
942 _cKS
008 s pl f |000 0 pol
999 _c27842
_d27842
856 _uhttp://koha.tu.koszalin.pl/cgi-bin/koha/opac-detail.pl?biblionumber=27842
_yKatalog online BPK